Escape the Backrooms Objects by Picture - Statistics

General Stats
  • This quiz has been taken 17 times
    9 since last reset
  • The average score is 34 of 90
Answer Stats
Picture Answer % Correct
Bed
75%
Computer
75%
Gate Lever
75%
Raft
75%
Arcade Machine
50%
Audience Chair
50%
Balloon
50%
Bed
50%
Blue Door
50%
Boat
50%
Bridge
50%
Car
50%
Closet
50%
Closet
50%
Computer
50%
Death Slide
50%
Elevator
50%
Elevator
50%
Elevator
50%
Elevator
50%
Gate Switch
50%
Hint
50%
Hotel Door
50%
Ladder
50%
Ladder
50%
Ladder
50%
Light Button
50%
Light Switch
50%
Lock
50%
Locker
50%
Locker
50%
Map Layout
50%
Number Lock
50%
Painting Button
50%
Planked Door
50%
Red Button
50%
Security Terminal
50%
Slide
50%
Slide
50%
Table
50%
Terminal
50%
Timed Lever
50%
Traffic Light
50%
Truck
50%
TV
50%
Type Writer
50%
Valve
50%
Valve
50%
Valve
50%
Vending Machine
50%
Vent
50%
Vent
50%
Wardrobe
50%
Wooden Door
50%
Balloon
25%
Box
25%
Breakable Glass
25%
Drawer
25%
Elevator
25%
Elevator
25%
Elevator
25%
Entity Shower
25%
Fire Alarm
25%
Hub Door
25%
ID Scanner
25%
Keyhole
25%
Keypad
25%
Keypad
25%
Level Door
25%
Lever
25%
No-Clip Floor
25%
Office Drawer
25%
Pressure Plate
25%
Roller Coaster
25%
Rope
25%
Shark Tank
25%
Admin Card Terminal
0%
Breaker Box
0%
Breaker Box
0%
Breaker Panel
0%
Bridge
0%
Dumbwaiter
0%
Gate Opener
0%
Key Machine
0%
Level Layout Board
0%
Light Panel
0%
Planks
0%
Reset Camera Button
0%
Security Check
0%
Windmill Generator
0%
No matching quizzes found
Score Distribution
Percent of People with Each Score
Percentile by Number Answered
Your Score History
You have not taken this quiz since the last reset